[Event "Anapa op"]
[Site "Anapa"]
[Date "2008.09.01"]
[Round "2"]
[White "Gukasian, Rudolf"]
[Black "Karamanov, Dmitry"]
[Result "1/2-1/2"]
[WhiteElo "2389"]
[BlackElo "2191"]
[PlyCount "105"]
[EventDate "2008.08.31"]
[EventType "swiss"]
[EventRounds "9"]
[EventCountry "RUS"]
[SourceTitle "EXT 2010"]
[Source "ChessBase"]
[SourceDate "2010.11.25"]
[SourceVersion "1"]
[SourceVersionDate "2010.11.25"]
[SourceQuality "1"]

1. d4 Nf6 2. c4 e6 3. Nf3 d5 4. g3 c6 5. Bg2 Nbd7 6. b3 Be7 7. 0-0 0-0 8. Nc3 b6 9. Qc2 Ba6 10. Nd2 Rc8 11. a4 e5 12. e3 Bb4 13. Ba3 Bxa3 14. Rxa3 e4 15. Rb1 Qe7 16. b4 Rfe8 17. Qb3 dxc4 18. Nxc4 c5 19. dxc5 Bxc4 20. Qxc4 bxc5 21. b5 Ne5 22. Qe2 c4 23. Ra2 Nd3 24. a5 Qe5 25. Rc2 Rb8 26. h3 h6 27. Kh2 Rec8 28. Qd2 h5 29. Kg1 Rd8 30. Qe2 Re8 31. Qd2 g6 32. Ra2 Kg7 33. Ra4 Qc5 34. Qa2 Ne5 35. Qa3 Qc8 36. Qd6 Qf5 37. Rf1 Rbd8 38. Qb4 Nf3+ 39. Kh1 h4 40. Ne2 Rh8 41. g4 Nxg4 42. hxg4 Qxg4 43. Qc3+ Kg8 44. Qf6 Rd5 45. Qf4 Qxf4 46. Nxf4 Rxb5 47. Rxc4 Rxa5 48. Rxe4 Nd2 49. Re8+ Kg7 50. Rxh8 Kxh8 51. Rd1 Nc4 52. Nd5 Kg7 53. Rd4 1/2-1/2

[Event "Canarias en Red prel 4th"]
[Site "Playchess.com INT"]
[Date "2004.05.06"]
[Round "12"]
[White "Gukasian, Rudolf"]
[Black "Sokolov, Andrei"]
[Result "1/2-1/2"]
[WhiteElo "2389"]
[BlackElo "2585"]
[PlyCount "110"]
[EventDate "2004.05.06"]
[EventType "swiss (blitz)"]
[EventRounds "13"]
[EventCountry "GER"]
[SourceTitle "EXT 2005"]
[Source "ChessBase"]
[SourceDate "2004.11.15"]
[SourceVersion "1"]
[SourceVersionDate "2004.11.15"]
[SourceQuality "1"]

1. e4 d6 2. d4 Nf6 3. Nc3 e5 4. Nge2 c6 5. a4 Nbd7 6. g3 Be7 7. Bg2 0-0 8. 0-0 b6 9. h3 h5 10. Be3 Bb7 11. Qd2 a6 12. Rfe1 b5 13. f3 Re8 14. Nc1 Bf8 15. Nd3 exd4 16. Bxd4 c5 17. Bf2 b4 18. Nd1 Qc7 19. Ne3 Ne5 20. Nf4 Rad8 21. Rad1 a5 22. b3 c4 23. Ned5 Nxd5 24. Nxd5 Bxd5 25. Qxd5 cxb3 26. cxb3 h4 27. f4 hxg3 28. Bxg3 Ng6 29. Rc1 Qa7+ 30. Kh2 Rc8 31. Rc4 Rxc4 32. Qxc4 Qb7 33. Rc1 Qe7 34. Qd5 Qf6 35. Rc7 Nxf4 36. Qf5 Qxf5 37. exf5 Nxg2 38. Kxg2 f6 39. Ra7 Re3 40. Ra8 Kf7 41. Ra7+ Kg8 42. Ra8 Kf7 43. Ra7+ Ke8 44. Rxa5 Rxb3 45. Rb5 Rb2+ 46. Kf3 d5 47. Rxd5 Ra2 48. a5 Ra3+ 49. Kg4 b3 50. Rb5 b2 51. Rxb2 Rxa5 52. Re2+ Kf7 53. Re4 Rb5 54. Bf4 Rd5 55. Rc4 Bd6 1/2-1/2

[Event "Canarias en Red prel 4th"]
[Site "Playchess.com INT"]
[Date "2004.05.06"]
[Round "2"]
[White "Labahn, Wolfgang"]
[Black "Gukasian, Rudolf"]
[Result "0-1"]
[WhiteElo "2207"]
[BlackElo "2389"]
[PlyCount "54"]
[EventDate "2004.05.06"]
[EventType "swiss (blitz)"]
[EventRounds "13"]
[EventCountry "GER"]
[SourceTitle "EXT 2005"]
[Source "ChessBase"]
[SourceDate "2004.11.15"]
[SourceVersion "1"]
[SourceVersionDate "2004.11.15"]
[SourceQuality "1"]

1. d4 Nf6 2. c4 c6 3. Nc3 d6 4. e4 e5 5. d5 Be7 6. Bd3 0-0 7. Nge2 a6 8. 0-0 Nbd7 9. f3 cxd5 10. cxd5 b5 11. b4 Nb6 12. Be3 Bd7 13. Qb3 Qb8 14. Rac1 Qb7 15. h3 Rfb8 16. Rfd1 g6 17. f4 exf4 18. Nxf4 Re8 19. Bd4 Rad8 20. Qb1 Bc8 21. Nce2 Nbd7 22. Rc6 Ne5 23. Bxe5 dxe5 24. Rdc1 exf4 25. Nxf4 Bd7 26. Rc7 Qb6+ 27. Kh1 Bd6 0-1

[Event "Canarias en Red prel 4th"]
[Site "Playchess.com INT"]
[Date "2004.05.06"]
[Round "4"]
[White "Lagumina, Giulio"]
[Black "Gukasian, Rudolf"]
[Result "1/2-1/2"]
[WhiteElo "2311"]
[BlackElo "2389"]
[PlyCount "121"]
[EventDate "2004.05.06"]
[EventType "swiss (blitz)"]
[EventRounds "13"]
[EventCountry "GER"]
[SourceTitle "EXT 2005"]
[Source "ChessBase"]
[SourceDate "2004.11.15"]
[SourceVersion "1"]
[SourceVersionDate "2004.11.15"]
[SourceQuality "1"]

1. e4 Nc6 2. d4 e5 3. dxe5 Nxe5 4. Nf3 Bb4+ 5. c3 Nxf3+ 6. Qxf3 Bc5 7. Bc4 Qf6 8. Qg3 Qg6 9. Qxg6 hxg6 10. 0-0 d6 11. Re1 Ne7 12. Be3 Bb6 13. Nd2 Bd7 14. Bd3 f6 15. Nc4 g5 16. Nxb6 axb6 17. f3 Be6 18. a3 Kf7 19. h3 Ng6 20. Kf2 Ne5 21. Bf1 Rhe8 22. Bd4 Rad8 23. Bxe5 dxe5 24. Rad1 Ke7 25. Ke3 c6 26. Be2 b5 27. Rxd8 Rxd8 28. Rd1 Ra8 29. Rh1 Rh8 30. Rc1 g6 31. Rd1 f5 32. Rc1 Ra8 33. Rh1 Rd8 34. Rd1 Rh8 35. Rc1 Rh4 36. Rh1 Kf6 37. Rc1 Rh7 38. c4 bxc4 39. Bxc4 Rd7 40. Bxe6 Kxe6 41. Rc3 Rd1 42. Rb3 b5 43. Rc3 Kd6 44. Rd3+ Rxd3+ 45. Kxd3 c5 46. b3 f4 47. a4 c4+ 48. Kc3 cxb3 49. axb5 Kc5 50. Kxb3 Kxb5 51. Kc3 Kc5 52. Kd3 Kb4 53. Kd2 Kc4 54. Kc2 Kd4 55. Kd2 Kc4 56. Kc2 Kb5 57. Kb3 Kc5 58. Kc3 Kb5 59. Kb3 Kc5 60. Kc3 Kb5 61. Kb3 1/2-1/2

[Event "Canarias en Red prel 4th"]
[Site "Playchess.com INT"]
[Date "2004.05.06"]
[Round "8"]
[White "Rabiega, Robert"]
[Black "Gukasian, Rudolf"]
[Result "1-0"]
[WhiteElo "2527"]
[BlackElo "2389"]
[PlyCount "69"]
[EventDate "2004.05.06"]
[EventType "swiss (blitz)"]
[EventRounds "13"]
[EventCountry "GER"]
[SourceTitle "EXT 2005"]
[Source "ChessBase"]
[SourceDate "2004.11.15"]
[SourceVersion "1"]
[SourceVersionDate "2004.11.15"]
[SourceQuality "1"]

1. e4 Nc6 2. Nf3 d6 3. c3 Nf6 4. d4 Bg4 5. Nbd2 e5 6. dxe5 Nxe5 7. Be2 Nxf3+ 8. Bxf3 Bxf3 9. Qxf3 Be7 10. 0-0 0-0 11. Nc4 Nd7 12. Ne3 Bf6 13. Nf5 Re8 14. Bf4 Ne5 15. Qg3 Ng6 16. Rfe1 Nxf4 17. Qxf4 Qd7 18. Rad1 Qe6 19. a3 a5 20. h4 a4 21. Re3 Kh8 22. h5 Ra5 23. Rd5 Raa8 24. h6 g6 25. Nd4 Qe7 26. Nf3 Be5 27. Nxe5 dxe5 28. Qg3 c6 29. Rd2 Rad8 30. Red3 Rxd3 31. Qxd3 Kg8 32. Qc4 Rd8 33. Rxd8+ Qxd8 34. Qxa4 Qh4 35. Qa8+ 1-0

[Event "Canarias en Red prel 3rd"]
[Site "Playchess.com INT"]
[Date "2004.05.05"]
[Round "10"]
[White "Klenburg, Mikhail"]
[Black "Gukasian, Rudolf"]
[Result "1-0"]
[WhiteElo "2412"]
[BlackElo "2389"]
[PlyCount "77"]
[EventDate "2004.05.05"]
[EventType "swiss (blitz)"]
[EventRounds "13"]
[EventCountry "GER"]
[SourceTitle "EXT 2005"]
[Source "ChessBase"]
[SourceDate "2004.11.15"]
[SourceVersion "1"]
[SourceVersionDate "2004.11.15"]
[SourceQuality "1"]

1. e4 d6 2. d4 Nf6 3. Nc3 c6 4. f3 e5 5. Nge2 Be7 6. Be3 0-0 7. Qd2 Nbd7 8. Ng3 b5 9. Be2 b4 10. Nd1 a5 11. Nf2 exd4 12. Bxd4 Ne5 13. 0-0 Qc7 14. f4 Ng6 15. b3 c5 16. Bb2 a4 17. c4 bxc3 18. Bxc3 axb3 19. axb3 Rxa1 20. Bxa1 Re8 21. Bd3 Nd7 22. Nf5 Bf6 23. Bc4 Bxa1 24. Rxa1 Nb6 25. Nxd6 Rf8 26. e5 Be6 27. Nfe4 Ne7 28. Ng5 Bxc4 29. bxc4 h6 30. Nf3 Nc6 31. Qf2 Nb4 32. Qg3 Kh8 33. Nh4 Nc2 34. Rf1 Nd4 35. Kh1 Qe7 36. Nf3 f6 37. Nxd4 cxd4 38. Nf5 Qe6 39. Qxg7# 1-0

[Event "Canarias en Red prel 3rd"]
[Site "Playchess.com INT"]
[Date "2004.05.05"]
[Round "6"]
[White "Sasikiran, Krishnan"]
[Black "Gukasian, Rudolf"]
[Result "1-0"]
[WhiteElo "2654"]
[BlackElo "2389"]
[PlyCount "73"]
[EventDate "2004.05.05"]
[EventType "swiss (blitz)"]
[EventRounds "13"]
[EventCountry "GER"]
[SourceTitle "EXT 2005"]
[Source "ChessBase"]
[SourceDate "2004.11.15"]
[SourceVersion "1"]
[SourceVersionDate "2004.11.15"]
[SourceQuality "1"]

1. Nf3 Nf6 2. c4 c6 3. Nc3 d6 4. d4 Nbd7 5. Qc2 e5 6. Bg5 Be7 7. Rd1 Qc7 8. e3 0-0 9. Bd3 Re8 10. 0-0 Nf8 11. h3 Ng6 12. a3 a6 13. b4 Be6 14. c5 exd4 15. Nxd4 Bd7 16. cxd6 Qxd6 17. Nf5 Bxf5 18. Bxf5 Qe5 19. Rfe1 a5 20. f4 Qb8 21. b5 Qa7 22. bxc6 bxc6 23. a4 Rad8 24. Rxd8 Bxd8 25. Bxf6 Bxf6 26. Ne4 Bd8 27. Qxc6 Rf8 28. Bxg6 hxg6 29. Kf2 Bb6 30. Nc3 Rd8 31. Nd5 Bc5 32. Kf3 Rd6 33. Qc8+ Kh7 34. e4 f5 35. Qe8 Bd4 36. Ne7 fxe4+ 37. Rxe4 1-0

[Event "Canarias en Red prel 2nd"]
[Site "Playchess.com INT"]
[Date "2004.05.04"]
[Round "1"]
[White "Gukasian, Rudolf"]
[Black "Mejia Godinez, Nery Amilear"]
[Result "1-0"]
[WhiteElo "2389"]
[BlackElo "2225"]
[PlyCount "70"]
[EventDate "2004.05.04"]
[EventType "swiss (blitz)"]
[EventRounds "13"]
[EventCountry "GER"]
[SourceTitle "EXT 2005"]
[Source "ChessBase"]
[SourceDate "2004.11.15"]
[SourceVersion "1"]
[SourceVersionDate "2004.11.15"]
[SourceQuality "1"]

1. e4 c6 2. d3 d5 3. Nd2 e5 4. Ngf3 Bd6 5. Be2 Nf6 6. 0-0 0-0 7. c3 Bg4 8. Qc2 Nbd7 9. Re1 Re8 10. Nf1 Qc7 11. Ng3 g6 12. b3 Nh5 13. Bb2 Rf8 14. Nxh5 Bxh5 15. b4 f5 16. a3 Nf6 17. Ng5 Bxe2 18. Rxe2 Qd8 19. Ne6 Qd7 20. Nxf8 Rxf8 21. exd5 Nxd5 22. g3 f4 23. Qd1 f3 24. Re4 Nf4 25. Kh1 Qh3 26. Qf1 Qxf1+ 27. Rxf1 Nxd3 28. Ba1 c5 29. Kg1 cxb4 30. axb4 Rd8 31. Re3 e4 32. Rxe4 Ne5 33. Rd1 Nf7 34. Rd3 Bc7 35. Rxd8+ Bxd8 1-0

[Event "Canarias en Red prel 1st"]
[Site "Playchess.com INT"]
[Date "2004.05.03"]
[Round "6"]
[White "Ciornei, Dragos"]
[Black "Gukasian, Rudolf"]
[Result "1-0"]
[WhiteElo "2204"]
[BlackElo "2389"]
[PlyCount "55"]
[EventDate "2004.05.03"]
[EventType "swiss (blitz)"]
[EventRounds "13"]
[EventCountry "GER"]
[SourceTitle "EXT 2005"]
[Source "ChessBase"]
[SourceDate "2004.11.15"]
[SourceVersion "1"]
[SourceVersionDate "2004.11.15"]
[SourceQuality "1"]

1. e4 Nc6 2. d4 e5 3. Nf3 exd4 4. Bc4 Nf6 5. 0-0 Nxe4 6. Re1 d5 7. Bxd5 Qxd5 8. Nc3 Qa5 9. Nxe4 Be6 10. Bd2 Qb6 11. Neg5 0-0-0 12. Nxe6 fxe6 13. Rxe6 h6 14. Ne5 Bd6 15. Nf7 Rhf8 16. Nxd8 Nxd8 17. Re4 Qxb2 18. a4 Kb8 19. a5 Nc6 20. a6 b6 21. Rb1 Qa2 22. Ra1 Qf7 23. Qe2 g5 24. Re1 Rd8 25. Re8 Qd7 26. Rxd8+ Qxd8 27. Qe8 Be7 28. Qxc6 1-0

[Event "Canarias en Red prel 1st"]
[Site "Playchess.com INT"]
[Date "2004.05.03"]
[Round "2"]
[White "Gukasian, Rudolf"]
[Black "Buescher, Andre"]
[Result "1-0"]
[WhiteElo "2389"]
[BlackElo "2043"]
[PlyCount "89"]
[EventDate "2004.05.03"]
[EventType "swiss (blitz)"]
[EventRounds "13"]
[EventCountry "GER"]
[SourceTitle "EXT 2005"]
[Source "ChessBase"]
[SourceDate "2004.11.15"]
[SourceVersion "1"]
[SourceVersionDate "2004.11.15"]
[SourceQuality "1"]

1. e4 e6 2. d3 d5 3. Nd2 c5 4. Ngf3 Nc6 5. Be2 Nge7 6. 0-0 g6 7. c3 Bg7 8. Re1 b6 9. Qc2 a5 10. a4 Ba6 11. Nf1 Ra7 12. Ng3 h6 13. Bf1 dxe4 14. dxe4 Bxf1 15. Nxf1 Rd7 16. Ne3 0-0 17. Nc4 Qc7 18. Qb3 Nc8 19. Be3 Rfd8 20. Na3 Kh7 21. Nb5 Qb8 22. Qc2 Ne5 23. Nxe5 Bxe5 24. g3 Nd6 25. Na3 Bg7 26. Rad1 Qb7 27. f3 Qc6 28. Rd2 Nb7 29. Rxd7 Rxd7 30. Re2 Bf6 31. Kg2 h5 32. Bf2 Bg7 33. Nc4 Nd6 34. Ne3 c4 35. Rd2 Bf8 36. e5 Nf5 37. Rxd7 Qxd7 38. Nxc4 Qc6 39. Nxb6 Bc5 40. Bxc5 Qxc5 41. Qf2 Qc6 42. g4 hxg4 43. h3 gxf3+ 44. Kh2 Qc4 45. Qe3 1-0

[Event "Krasnodar Kuban Spring"]
[Site "Krasnodar"]
[Date "2002.04.??"]
[Round "?"]
[White "Gukasian, Rudolf"]
[Black "Nadyrhanov, Sergey"]
[Result "1/2-1/2"]
[WhiteElo "2416"]
[BlackElo "2477"]
[PlyCount "48"]
[EventDate "2002.04.06"]
[EventType "tourn"]
[EventRounds "11"]
[EventCountry "RUS"]
[EventCategory "9"]
[SourceTitle "EXT 2003"]
[Source "ChessBase"]
[SourceDate "2002.11.25"]
[SourceVersion "1"]
[SourceVersionDate "2002.11.25"]
[SourceQuality "1"]

1. e4 c5 2. Nf3 d6 3. c3 Nf6 4. Be2 g6 5. d3 Bg7 6. 0-0 0-0 7. Nbd2 e5 8. Re1 Nc6 9. a3 Rb8 10. b4 cxb4 11. axb4 a6 12. Bb2 Re8 13. Qb1 d5 14. Nb3 b6 15. Bf1 Bb7 16. Nfd2 Bf8 17. Nf3 Qc7 18. Nbd2 Rbd8 19. h3 Bg7 20. Ba3 Rd7 21. Ra2 Red8 22. Rc2 Bf8 23. Qb2 Qb8 24. Qa2 Bg7 1/2-1/2

[Event "Krasnodar Kuban Spring"]
[Site "Krasnodar"]
[Date "2002.04.??"]
[Round "?"]
[White "Tseshkovsky, Vitaly"]
[Black "Gukasian, Rudolf"]
[Result "1-0"]
[WhiteElo "2554"]
[BlackElo "2416"]
[PlyCount "69"]
[EventDate "2002.04.06"]
[EventType "tourn"]
[EventRounds "11"]
[EventCountry "RUS"]
[EventCategory "9"]
[SourceTitle "EXT 2003"]
[Source "ChessBase"]
[SourceDate "2002.11.25"]
[SourceVersion "1"]
[SourceVersionDate "2002.11.25"]
[SourceQuality "1"]

1. e4 e6 2. d4 d5 3. Nc3 Nf6 4. Bg5 Bb4 5. e5 h6 6. Bd2 Bxc3 7. bxc3 Ne4 8. Qg4 g6 9. Bd3 Nxd2 10. Kxd2 c5 11. Nf3 Qe7 12. h4 c4 13. Be2 Nd7 14. a4 a5 15. Qf4 Ra6 16. Nh2 Nb6 17. Ng4 Bd7 18. Nxh6 Nxa4 19. Rhb1 Bc6 20. g4 Ra8 21. g5 b5 22. h5 Rf8 23. Qf6 Kd7 24. f4 Ra7 25. hxg6 fxg6 26. Qxg6 b4 27. f5 exf5 28. cxb4 axb4 29. Nxf5 Qe6 30. Qxe6+ Kxe6 31. Bg4 Kf7 32. Rh1 Kg6 33. Bh5+ Kxg5 34. Rhg1+ Kxh5 35. Rg2 1-0

[Event "Krasnodar1"]
[Site "Krasnodar"]
[Date "2001.??.??"]
[Round "?"]
[White "Fomichenko, Eduard"]
[Black "Gukasian, Rudolf"]
[Result "1-0"]
[WhiteElo "2415"]
[BlackElo "2385"]
[PlyCount "69"]
[EventDate "2001.08.??"]
[EventType "tourn"]
[EventRounds "9"]
[EventCountry "RUS"]
[EventCategory "4"]
[SourceTitle "EXT 2002"]
[Source "ChessBase"]
[SourceDate "2001.11.25"]
[SourceVersion "1"]
[SourceVersionDate "2001.11.25"]
[SourceQuality "1"]

1. e4 d6 2. d4 Nf6 3. Nc3 g6 4. f4 Bg7 5. Nf3 0-0 6. Bd3 Na6 7. 0-0 c5 8. d5 Rb8 9. Qe2 Nc7 10. a4 a6 11. a5 Bg4 12. h3 Bxf3 13. Qxf3 e6 14. dxe6 Nxe6 15. Bc4 Nd4 16. Qd3 Nc6 17. Ba2 Nb4 18. Qd1 Re8 19. Re1 Qc7 20. Bb3 Rbd8 21. Qf3 d5 22. e5 d4 23. Ne4 Nxe4 24. Qxe4 c4 25. Ba4 Re7 26. Bd2 Qc5 27. Red1 Nc6 28. Be1 Nxa5 29. b4 cxb3 30. cxb3 Qb6 31. b4 Nc6 32. Bh4 d3+ 33. Kh1 Rd4 34. Qf3 Red7 35. Bf2 1-0

[Event "RUS-ch sf"]
[Site "Krasnodar"]
[Date "2001.??.??"]
[Round "?"]
[White "Gukasian, Rudolf"]
[Black "Chashchev, Sergey"]
[Result "1-0"]
[WhiteElo "2385"]
[BlackElo "2311"]
[PlyCount "71"]
[EventDate "2001.??.??"]
[EventType "swiss"]
[EventRounds "9"]
[EventCountry "RUS"]
[SourceTitle "EXT 2002"]
[Source "ChessBase"]
[SourceDate "2001.11.25"]
[SourceVersion "1"]
[SourceVersionDate "2001.11.25"]
[SourceQuality "1"]

1. e4 d6 2. d4 Nf6 3. Nc3 c6 4. Nf3 Bg4 5. h3 Bxf3 6. Qxf3 Nbd7 7. Be3 e5 8. Be2 Be7 9. 0-0 0-0 10. Rfd1 b5 11. Bf1 Qc7 12. a3 a5 13. g4 b4 14. Ne2 d5 15. Ng3 dxe4 16. Nxe4 Nxe4 17. Qxe4 bxa3 18. bxa3 f5 19. gxf5 Nf6 20. Qg2 e4 21. Bc4+ Nd5 22. Qxe4 Kh8 23. Qg4 Bd6 24. Re1 Rf7 25. Kh1 Raf8 26. Bd3 Ne7 27. Rg1 Nxf5 28. Rg2 Nxe3 29. fxe3 Qe7 30. Qh5 g6 31. Rxg6 Qxe3 32. Rxd6 Rg7 33. Rg6 Qxd4 34. Rag1 Rfg8 35. Rxg7 Rxg7 36. Qe8+ 1-0

[Event "RUS-ch sf"]
[Site "Krasnodar"]
[Date "2001.??.??"]
[Round "?"]
[White "Gukasian, Rudolf"]
[Black "Zakhartsov, Viacheslav V"]
[Result "1/2-1/2"]
[WhiteElo "2385"]
[BlackElo "2484"]
[PlyCount "87"]
[EventDate "2001.??.??"]
[EventType "swiss"]
[EventRounds "9"]
[EventCountry "RUS"]
[SourceTitle "EXT 2002"]
[Source "ChessBase"]
[SourceDate "2001.11.25"]
[SourceVersion "1"]
[SourceVersionDate "2001.11.25"]
[SourceQuality "1"]

1. e4 c5 2. Nc3 Nc6 3. g3 g6 4. Bg2 Bg7 5. d3 d6 6. Nh3 Rb8 7. 0-0 Nf6 8. f4 Bg4 9. Qd2 Bxh3 10. Bxh3 0-0 11. Qg2 Nd7 12. f5 b5 13. Nd5 b4 14. g4 Nb6 15. g5 Nxd5 16. exd5 Nd4 17. Kh1 Rb7 18. Be3 Nb5 19. Rab1 Rb6 20. Qe4 Nc7 21. Bg2 gxf5 22. Rxf5 Nxd5 23. Rxd5 e6 24. Rxc5 dxc5 25. Bxc5 Rb5 26. Bxf8 Qxf8 27. h4 Rc5 28. Qxb4 Rxc2 29. Qxf8+ Kxf8 30. Be4 Kg8 31. a4 Bxb2 32. a5 Kg7 33. h5 Rc1+ 34. Rxc1 Bxc1 35. a6 Bxg5 36. Kg2 f5 37. Bc6 Be3 38. Kf3 Bd4 39. Bd7 Kf6 40. Bc8 e5 41. Bd7 Kg5 42. Be8 Bb6 43. Bf7 Kf6 44. Bd5 1/2-1/2

[Event "RUS-ch sf"]
[Site "Krasnodar"]
[Date "2001.??.??"]
[Round "?"]
[White "Khagurov, Nukh"]
[Black "Gukasian, Rudolf"]
[Result "0-1"]
[WhiteElo "2233"]
[BlackElo "2385"]
[PlyCount "92"]
[EventDate "2001.??.??"]
[EventType "swiss"]
[EventRounds "9"]
[EventCountry "RUS"]
[SourceTitle "EXT 2002"]
[Source "ChessBase"]
[SourceDate "2001.11.25"]
[SourceVersion "1"]
[SourceVersionDate "2001.11.25"]
[SourceQuality "1"]

1. d4 e6 2. c3 f5 3. g4 d5 4. gxf5 exf5 5. Nf3 Nf6 6. Bg5 Be7 7. Bxf6 Bxf6 8. Nbd2 c6 9. Qc2 Be6 10. h4 Qe7 11. Bh3 g6 12. 0-0-0 Nd7 13. Rde1 0-0-0 14. h5 Bf7 15. e3 Kb8 16. Kb1 c5 17. hxg6 hxg6 18. Bg2 c4 19. Ka1 Nb6 20. Rb1 Nc8 21. b3 Rxh1 22. Bxh1 Nb6 23. bxc4 dxc4 24. e4 Qd7 25. Bg2 Rh8 26. Re1 f4 27. e5 Bd8 28. Qe4 Be6 29. Qe2 g5 30. Ng1 g4 31. Be4 f3 32. Qd1 Rh2 33. Rf1 Nd5 34. Qc2 Ba5 35. Bxd5 Bxd5 36. Nb1 a6 37. Qg6 Qe6 38. Qg7 Ka7 39. Qg5 Rg2 40. Qe3 Qf5 41. Kb2 Bd8 42. Qh6 Qd3 43. Rc1 Rxf2+ 44. Ka1 Rc2 45. Rxc2 Qxc2 46. Qh8 Be4 0-1

[Event "Krasnodar1"]
[Site "Krasnodar"]
[Date "2001.??.??"]
[Round "?"]
[White "Stepovaia, Tatiana"]
[Black "Gukasian, Rudolf"]
[Result "0-1"]
[WhiteElo "2411"]
[BlackElo "2385"]
[PlyCount "126"]
[EventDate "2001.08.??"]
[EventType "tourn"]
[EventRounds "9"]
[EventCountry "RUS"]
[EventCategory "4"]
[SourceTitle "EXT 2002"]
[Source "ChessBase"]
[SourceDate "2001.11.25"]
[SourceVersion "1"]
[SourceVersionDate "2001.11.25"]
[SourceQuality "1"]

1. e4 c5 2. Nf3 e6 3. Nc3 a6 4. d4 cxd4 5. Nxd4 b5 6. Bd3 Qc7 7. 0-0 Bb7 8. Re1 Bc5 9. Nb3 Be7 10. a4 b4 11. Ne2 Nf6 12. Ned4 0-0 13. Bg5 d6 14. Bd2 a5 15. Qf3 Nbd7 16. Nb5 Qd8 17. Qh3 Ne5 18. Rad1 Qb8 19. f4 Nxd3 20. cxd3 Rc8 21. Rc1 Bd8 22. Be3 Rxc1 23. Rxc1 Nd7 24. N5d4 Nb6 25. Ra1 Qc8 26. Nd2 Ba6 27. Bf2 Qd7 28. b3 Rc8 29. Nc4 Nxc4 30. dxc4 Bb7 31. Re1 Bb6 32. Nb5 Bxf2+ 33. Kxf2 Rd8 34. Qe3 Qc6 35. Nd4 Qc8 36. f5 Re8 37. f6 Qc5 38. fxg7 Kxg7 39. Nb5 Qe5 40. Qg3+ Qxg3+ 41. Kxg3 Rd8 42. Kf4 Kf6 43. Rd1 Ke7 44. g4 f6 45. Ke3 Ba8 46. h4 h6 47. Rg1 Rg8 48. Nd4 Bb7 49. Ne2 Bc6 50. Nf4 Bd7 51. Nd3 e5 52. Kf3 f5 53. g5 hxg5 54. hxg5 f4 55. Rg2 Be6 56. Nf2 Kf7 57. Rg1 Rg7 58. Nd3 Ke7 59. Ke2 Rh7 60. Nf2 Rg7 61. Kd2 Kf7 62. Kc2 Kg6 63. c5 d5 0-1